000 00799nam a2200229Ii 4500
003 JO-AjNU
008 230605s9999||||xx |||||||||||||| ||und||
017 _a2008/9/3428
020 _a978-9957-33-158-1
040 _aJO-AjNU
_bara
_erda
_cJO-AjNU
041 _aara
050 1 4 _aLC4707.N3222 2009
100 3 _aندا عواد،أحمد,
_eauthor
_927823
245 0 0 _aصعوبات التعلم
250 _aط2
264 3 1 _aعمان:مؤسسة الوراق للنشر والتوزيع،2010
300 _a363ص
_bملحق:ص(329-354)
336 _atext
_btxt
_2rdacontent
337 _aunmediated
_bn
_2rdamedia
338 _avolume
_bnc
_2rdacarrier
650 4 _aصعوبات التعلم-التعليم الخاص-طرق التعلم-أساليب التدريس-المعاقين
_927824
999 _aA10718
_c14286
_d14286